00926cam a22002655a 4500001000800000005001700008008004100025020001500066020001500081040003300096043001200129082002000141245008800161260005100249300003400300504005100334541003600385650003500421651001000456653002300466700003600489942000800525999001700533952011000550348158520171225142002.0931201t1993 ja a frb 001 0 eng d a4130470582 a0860084922 aDLCcDLCdDLCdEG-ScBUEbeng aa-ja---04a336.52222bJAP00aJapan's public sector :bhow the government is financed /cedited by Tokue Shibata. a[Tokyo] :bUniversity of Tokyo Press,cc.1993. axiv, 210 p. :bill. ;c23 cm. aIncludes bibliographical references and index. aDonation from Japan Foundation. 7aFinance, PubliczJapan.2BUEsh 2BUEsh bGGENcDecember20171 aShibata, Tokue,d1924-eeditor. 2ddc c25798d25770 00102ddc4070aMAINbMAINc1STd2017-12-25eDonationl0o336.52 JAPp000047005r2025-07-15 00:00:00yBB